| 000 | 01013nam a2200265 i 4500 | ||
|---|---|---|---|
| 003 | EG-ScBUE | ||
| 005 | 20231129103750.0 | ||
| 008 | 111201s1984 ua o af 000 0 ara d | ||
| 017 | _a84 / 2027 | ||
| 020 | _a9771360183 | ||
| 040 |
_aEG-ScBUE _bara _erda _cEG-ScBUE _dEG-ScBUE |
||
| 043 | _aa-ye--- | ||
| 082 | 0 | 4 |
_222 _a953.3205 _bب ي ض |
| 100 | 1 |
_927968 _aالبيضاني، عبد الرحمن _d1926- _eمؤلف. |
|
| 245 | 1 | 0 |
_aأزمة الأمة العربية وثورة اليمن / _cدكتور عبد الرحمن البيضاني، نائب رئيس مجلس قيادة الثورة اليمنية. |
| 264 | 1 |
_aالقاهرة : _bعبد الرحمن البيضاني، _c1984. |
|
| 300 |
_a932 صفحة : _bصور ؛ _c24 سم |
||
| 336 |
_2rdacontent _aنص _btxt |
||
| 337 |
_aبدون وسيط _2rdamedia _bn |
||
| 338 |
_aمجلد _bnc _2rdacarrier |
||
| 651 | 7 |
_928067 _aاليمن _xتاريخ _yالعصر الحديث. |
|
| 653 | _cDecember2011 | ||
| 655 | _vReading book | ||
| 942 |
_2ddc _cBB |
||
| 999 |
_c16285 _d16285 |
||